Loreto College Library, Kolkata
WEBOPAC (ONLINE PUBLIC ACCESS CATALOGUE)

Data communications and networking (Record no. 20287)

MARC details
000 -LEADER
fixed length control field 00664nam a2200241Ia 4500
005 - DATE AND TIME OF LATEST TRANSACTION
control field 20240305094017.0
008 - FIXED-LENGTH DATA ELEMENTS--GENERAL INFORMATION
fixed length control field 131103s9999 xx 000 0 und d
020 ## - ISBN | অাই এস বি এন
ISBN | অাই এস বি এন 9.78E+12
040 ## - CATALOGING SOURCE
Original cataloging agency Loreto College
041 ## - LANGUAGE CODE
Language code English
082 ## - DDC | ডিউই
Classification number | বর্গসংখ্যা 004.6
Book Number | গ্রন্থাঙ্ক FOR
100 ## - MAIN ENTRY--PERSONAL NAME | মুখ্য সংলেখ - ব্যাক্তিনাম
Personal name | ব্যাক্তিনাম Forouzan, Behrouz A.
245 ## - TITLE STATEMENT | অাখ্যা বিবরণী
Title | অাখ্যা Data communications and networking
Statement of responsibility | লেখকের দায়িত্বের বিবরণ Behrouz A. Forouzan and Sophia Chung Fegan
250 ## - EDITION STATEMENT | সংস্করণ ক্ষেত্র
Edition statement | সংস্করণ 4th ed.
260 ## - IMPRINT | প্রকাশনা ক্ষেত্র
Place of publication | প্রকাশ স্থান New Delhi
Name of publisher | প্রকাশকের নাম Tata McGraw-Hill
Date of publication | প্রকাশ কাল 2006
300 ## - PHYSICAL DESCRIPTION |
Page / Vol. No | পৃষ্ঠা / খন্ড সংখ্যা xxxiv,1134p.
504 ## - BIBLIOGRAPHY, ETC. NOTE
Bibliography, etc Special Indian edition
650 ## - SUBJECT ADDED ENTRY--TOPICAL TERM | বিষয় শিরোনাম - মূল বিষয়
Topical term | মূল বিষয় Computer Networks
651 ## - SUBJECT ADDED ENTRY--GEOGRAPHIC NAME | বিষয় শিরোনাম - ভৌগলিক নাম
Geographic name | ভৌগলিক বিষয় Computer Security
700 ## - ADDED ENTRY--PERSONAL NAME | অতিরিক্ত সংলেখ - ব্
Personal name | ব্যাক্তিনাম Fegan, Sophia Chung
850 ## - HOLDING INSTITUTION
Holding institution LCLIB
942 ## - ADDED ENTRY ELEMENTS (KOHA)
Koha item type Books
Holdings
Withdrawn status Lost status Source of classification Damaged status Not for loan Home library Current library Date acquired Total Checkouts Full call number Accession No. Date last seen Price effective from Koha item type Coded location qualifier
    Dewey Decimal Classification     Loreto College Loreto College 04/11/2013   004.6 FOR 46715 B22129 04/11/2013 04/11/2013 Books  
          Loreto College Loreto College 04/11/2013   004.6/FOR LCLIB/46715,48040,48041 B39452 04/11/2013 04/11/2013 Books  
          Loreto College Loreto College 04/11/2013   004.6/FOR LCLIB/46715,48040,48041 B39850 04/11/2013 04/11/2013 Books